[Event "Catania op"]
[Site "Cattolica"]
[Date "1994.??.??"]
[Round "2"]
[White "Maksimenko, Andrei"]
[Black "Gueci, Riccardo"]
[Result "1-0"]
[WhiteElo "2525"]
[BlackElo "2205"]

1.d4 d6 2.Nf3 Nf6 3.c4 g6 4.Nc3 Bg7 5.e4 O-O 6.Be2 e5 7.d5 a5 8.Bg5 h6 9.Bh4 Na6
10.Nd2 Qe8 11.a3 Nh7 12.O-O f5 13.exf5 gxf5 14.Bh5 Qd7 15.b4 axb4 16.axb4 Rb8
17.Rb1 Nf6 18.Bg6 c6 19.dxc6 bxc6 20.b5 Nc5 21.bxc6 Rxb1 22.Qxb1 Qxc6 23.Bxf6 Bxf6
24.Bxf5 Ne6 25.Bxe6+ Bxe6 26.Qg6+  1-0

[Event "Catania op"]
[Site "Cattolica"]
[Date "1994.??.??"]
[Round "2"]
[White "Arlandi, Ennio"]
[Black "Szekely, Peter"]
[Result "1/2-1/2"]
[WhiteElo "2425"]
[BlackElo "2490"]

1.d4 Nf6 2.c4 g6 3.Nc3 Bg7 4.e4 d6 5.Nf3 O-O 6.Be2 e5 7.O-O exd4 8.Nxd4 Re8
9.f3 c6 10.Kh1 Nbd7 11.Bg5 Qb6 12.Nb3 a5 13.Qd2 a4 14.Be3 Qd8 15.Nd4 Nc5
16.Rad1 Nfd7 17.Rfe1 Be5 18.Bf1  1/2-1/2

[Event "Ceske Budejovice op"]
[Site "Ceske Budejovice"]
[Date "1994.??.??"]
[Round "2"]
[White "Vybiral, Zdenek"]
[Black "Rogozenko, Dorin"]
[Result "0-1"]
[WhiteElo "2220"]
[BlackElo "2405"]

1.d4 Nf6 2.c4 d6 3.Nc3 Nbd7 4.e4 e5 5.Nf3 g6 6.Be2 Bg7 7.O-O O-O 8.Qc2 Re8
9.d5 a5 10.Ne1 Kh8 11.Be3 Nc5 12.Rb1 Ncxe4 13.Nxe4 Nxe4 14.g4 Nc5 15.Ng2 f5
16.f3 Bd7 17.b3 Qe7 18.a3 e4 19.gxf5 exf3  0-1

[Event "US op rapid"]
[Site "Chicago"]
[Date "1994.??.??"]
[Round "?"]
[White "Orlov, Georgi"]
[Black "Weeramantry, Sunil"]
[Result "1-0"]
[WhiteElo "2510"]
[BlackElo "2270"]

1.d4 Nf6 2.c4 g6 3.Nc3 Bg7 4.e4 d6 5.Nf3 O-O 6.Be2 e5 7.d5 a5 8.Bg5 h6 9.Bh4 Na6
10.Nd2 Bd7 11.O-O Qe8 12.Kh1 Nh7 13.a3 h5 14.f3 Bh6 15.Nb5 Bxb5 16.cxb5 Nc5
17.Nc4 a4 18.b6 Qd7 19.Bf2 Rfe8 20.Qe1 Qe7 21.Rd1 Nf6 22.Qb4 Rec8 23.Qc3 Ne8
24.bxc7 Nb3 25.Nb6  1-0

[Event "Chicago op2"]
[Site "Chicago"]
[Date "1994.??.??"]
[Round "2"]
[White "Dougherty, Michael"]
[Black "Olesen, Martin"]
[Result "0-1"]
[WhiteElo "2310"]
[BlackElo "2340"]

1.d4 Nf6 2.Nf3 g6 3.c4 Bg7 4.Nc3 O-O 5.e4 d6 6.Be2 e5 7.d5 a5 8.Bg5 h6 9.Bh4 Na6
10.Nd2 Qe8 11.O-O Bd7 12.f3 Nh7 13.b3 h5 14.a3 Bh6 15.Rb1 Be3+ 16.Bf2 Bxf2+
17.Rxf2 Qe7 18.b4 axb4 19.axb4 f5 20.exf5 gxf5 21.Qc2 Kh8 22.Nd1 c5 23.dxc6 bxc6
24.Qc3 f4 25.Bd3 Ng5 26.Re2 c5 27.b5 Nb4 28.Nf2 Ne6 29.Nb3 Rg8 30.Be4 Ra3
31.Qd2 Qg7 32.Nd3 Nxd3 33.Bxd3 Rxb3 34.Rxb3 Nd4 35.Bc2 Nxe2+ 36.Qxe2 Bh3  0-1

[Event "USA-op"]
[Site "Chicago"]
[Date "1994.??.??"]
[Round "3"]
[White "Chachere, Lawrence"]
[Black "Denker, Arnold S"]
[Result "1-0"]
[WhiteElo "2285"]
[BlackElo "2260"]

1.d4 Nf6 2.c4 g6 3.Nc3 Bg7 4.e4 d6 5.Nf3 O-O 6.Be2 c6 7.O-O e5 8.Re1 Bg4
9.Be3 Bxf3 10.Bxf3 Nbd7 11.Qd2 Qc7 12.Rad1 Rad8 13.Qc2 Rfe8 14.d5 c5 15.b4 a6
16.bxc5 Nxc5 17.Rb1 Rc8 18.Rec1 Ncd7 19.Be2 h5 20.f3 Kh7 21.Qb2 Rb8 22.Rc2 Bh6
23.Ba7 Ra8 24.Bf2 Rab8 25.Ba7 Ra8 26.Bf2 Rab8 27.Kh1 Rec8 28.Ba7 Ra8 29.Bf2 Rab8
30.Qa3 Bf8 31.Rcb2 Nc5 32.Na4 Nfd7 33.Rb4 Rd8 34.Qb2 Nxa4 35.Rxa4 Nc5 36.Rb4 Rd7
37.Qc2 Be7 38.g3 Qc8 39.Bf1 Rc7 40.Be1 Qd7 41.h4 Bd8 42.Kh2 Qe8 43.Rb6 Rcc8
44.R6b2 Na4 45.Rxb7 Bb6 46.Rxb8 Rxb8 47.Kg2 Ba7 48.Rxb8 Qxb8 49.Qxa4 Qb6
50.Kh3 Qg1 51.Bg2 Qxe1 52.Qd7 Bf2 53.Qxf7+ Kh6 54.Qg8  1-0

[Event "USA-op"]
[Site "Chicago"]
[Date "1994.??.??"]
[Round "3"]
[White "Orlov, Georgi"]
[Black "Schlagenhauf, Mark"]
[Result "1-0"]
[WhiteElo "2510"]
[BlackElo "2225"]

1.d4 g6 2.c4 Bg7 3.Nf3 d6 4.Nc3 Nf6 5.e4 O-O 6.Be2 e5 7.d5 a5 8.Bg5 h6 9.Bh4 Na6
10.Nd2 Bd7 11.O-O Qe8 12.Kh1 Nh7 13.a3 h5 14.f3 a4 15.Nb5 Bh6 16.Nb1 Kh8
17.N1c3 Rg8 18.Nxa4 f5 19.exf5 gxf5 20.Bd3 Qg6 21.Qc2 Rg7 22.Rae1 Rag8 23.Re2 Ng5
24.f4 exf4 25.Rxf4 Rf8 26.Rf1 Rgf7 27.Nd4 Bg7 28.Bxg5 Bxd4 29.Bf4 h4 30.b4 h3
31.Rf3 hxg2+ 32.Rxg2 Qh5 33.Be2 Re8 34.Qd3 Bf6 35.Rh3  1-0

[Event "Chicago op"]
[Site "Chicago"]
[Date "1994.??.??"]
[Round "7"]
[White "Manion, Josh"]
[Black "Olesen, Martin"]
[Result "1-0"]
[WhiteElo "2280"]
[BlackElo "2340"]

1.d4 Nf6 2.c4 g6 3.Nc3 Bg7 4.e4 d6 5.Be2 O-O 6.Nf3 e5 7.O-O exd4 8.Nxd4 Re8
9.f3 c6 10.Kh1 Na6 11.Bg5 Re5 12.Qd2 Qb6 13.Be3 Qc7 14.Rac1 Bd7 15.Bf4 Ree8
16.Nb3 Rad8 17.Bxd6 Qc8 18.c5 Be6 19.Bxa6 Bxb3 20.axb3 bxa6 21.Qc2 Qb7 22.Ra1 Bf8
23.e5 Nd7 24.Ne4 Re6 25.f4 Qb5 26.f5 Rxe5 27.Bxe5 Nxe5 28.Qc3 Ng4 29.fxg6 hxg6
30.Qg3 f5 31.Nd6 Qe2 32.Rae1 Qxb2 33.h3 Qh8 34.Nxf5  1-0

[Event "Chicago op"]
[Site "Chicago"]
[Date "1994.??.??"]
[Round "8"]
[White "Formanek, Edward W"]
[Black "Manion, Josh"]
[Result "1-0"]
[WhiteElo "2320"]
[BlackElo "2280"]

1.d4 Nf6 2.c4 g6 3.Nc3 Bg7 4.e4 d6 5.Be2 O-O 6.Nf3 e5 7.dxe5 dxe5 8.Qxd8 Rxd8
9.Bg5 c6 10.Nxe5 Re8 11.O-O-O Na6 12.Rd6 Be6 13.Nf3 Nc5 14.Nd2 Nfd7 15.Ndb1 f5
16.exf5 Bxf5 17.Be3 Bf8 18.Rd4 Bg7 19.Rd2 a5 20.h3 a4 21.Bg4 Nd3+ 22.Rxd3 Bxd3
23.Bxd7 Re7 24.Bg4 Bxc4 25.Nd2 Bf7 26.a3 Ra5 27.Bd1 b5 28.Bc5 Re8 29.f4 Bf8
30.Bxf8 Kxf8 31.Nde4 Rb8 32.Nf6 Kg7 33.Nd7 Rd8 34.Ne5 Rc8 35.Nxf7 Kxf7 36.Ne4 Kg8
37.Bg4 Rf8 38.g3 b4 39.axb4 Rb5 40.Rd1 Rxb4 41.Be6+ Kh8 42.Ng5 Rb7 43.Rd7 Rxd7
44.Bxd7 h6 45.Nf3 Ra8 46.Bxc6 a3 47.bxa3 Rxa3 48.Kd2 Ra2+ 49.Ke3 Rb2 50.g4 Kg7
51.Be4 Rb4 52.h4 Rb3+ 53.Bd3 Ra3 54.g5 hxg5 55.hxg5 Ra1 56.Ne5 Re1+ 57.Kf2  1-0

[Event "Bohemia"]
[Site "Chrudim"]
[Date "1994.??.??"]
[Round "2"]
[White "Nutu Gajic, Dana"]
[Black "Maskova, Jana"]
[Result "0-1"]
[WhiteElo "2330"]
[BlackElo "2220"]

1.d4 Nf6 2.c4 g6 3.Nc3 Bg7 4.e4 d6 5.Nf3 O-O 6.Be2 e5 7.Be3 Ng4 8.Bg5 f6
9.Bd2 Nh6 10.O-O Nc6 11.dxe5 dxe5 12.Be3 Be6 13.Qc1 Nf7 14.Rd1 Qc8 15.Nd5 Re8
16.c5 Ncd8 17.h3 c6 18.Nc3 f5 19.exf5 gxf5 20.Qc2 f4 21.Bd2 Bxh3 22.gxh3 Qxh3
23.Ne4 Qg4+ 24.Kh1 Re6 25.Rg1 Rh6+ 26.Nh2 Qxe2 27.Rg2 Ne6 28.Rag1 Rd8 29.f3 Qxf3
30.Nf6+ Kh8 31.Ng4 Rh5 32.Bc3 Nd4 33.Bxd4 Rxd4 34.Nf6 Bxf6 35.Qe2 Rxh2+ 36.Kxh2 Ng5
37.Kh1 Qxe2 38.Rxe2 e4 39.Reg2 h6 40.Rg4 f3  0-1

[Event "Bohemia"]
[Site "Chrudim"]
[Date "1994.??.??"]
[Round "11"]
[White "Nutu Gajic, Dana"]
[Black "Kubikova, Hana"]
[Result "1/2-1/2"]
[WhiteElo "2330"]
[BlackElo "2165"]

1.Nf3 Nf6 2.c4 g6 3.Nc3 Bg7 4.e4 d6 5.d4 O-O 6.Be2 e5 7.Be3 Ng4 8.Bg5 f6
9.Bh4 g5 10.Bg3 Nh6 11.dxe5 dxe5 12.Qxd8 Rxd8 13.Nd5 Na6 14.O-O-O Be6 15.h4 g4
16.Nh2 c6 17.Nc3 Bf8 18.h5 Rac8 19.Bh4 Kf7 20.Rxd8 Rxd8 21.Nf1 Rd4 22.Ne3 Nc5
23.Nc2 Rd8 24.Rd1 Rxd1+ 25.Kxd1 a5 26.Ne3 Na6 27.Nb1 Bc5 28.Nd2 a4 29.Ndf1 Bd4
30.Kc1 Nc5 31.Ng3 Bxe3+ 32.fxe3 Ng8 33.Kc2 Ne7 34.Kc3 Nc8 35.b4 axb3 36.axb3 Nd6
37.Bd3 b6 38.Bc2 Bd7 39.b4 Ne6 40.Ba4 Ng5 41.Kd3 b5 42.cxb5 cxb5 43.Bb3+ Kg7
44.Bd5 Kh6 45.Bg8 Kg7 46.Bb3 Kh6 47.Bd5 Kg7 48.Ke2 Kh6 49.Kd3 Kg7 50.Bxg5 fxg5
51.Ke2 h6 52.Kf2 Kf6 53.Bb3 Bc6 54.Bc2 Be8 55.Bd3 Bc6 56.Be2 Bd7 57.Ke1 Be6
58.Nh1 Bf7 59.Ng3 Be6 60.Kd2 Bd7 61.Kc3 Be6 62.Bd3 Bd7 63.Kd2 Be6 64.Ke2 Bd7
65.Kf2 Bc6 66.Bb1 Be8 67.Bc2 Bc6 68.Nf5 Nxf5 69.exf5 e4 70.Kg3 Kxf5 71.Bd1 Ke5
72.Bxg4 Be8 73.Kf2 Bc6  1/2-1/2

[Event "Porz op"]
[Site "Cologne"]
[Date "1994.??.??"]
[Round "5"]
[White "Bandza, Algirdas"]
[Black "Nowik, Volker"]
[Result "1-0"]
[WhiteElo "2355"]
[BlackElo "2160"]

1.Nf3 Nf6 2.c4 g6 3.Nc3 Bg7 4.e4 d6 5.d4 O-O 6.Be2 e5 7.dxe5 dxe5 8.Qxd8 Rxd8
9.Nd5 Nxd5 10.cxd5 c6 11.Bc4 cxd5 12.Bxd5 Nc6 13.Bg5 Re8 14.O-O-O Nd4 15.Nxd4 exd4
16.Kb1 h6 17.Bc1 Rd8 18.f3 a5 19.Bf4 Rxd5 20.exd5 Bf5+ 21.Ka1 a4 22.Rd2 Ra5
23.g4 Bd7 24.d6 a3 25.Kb1 g5 26.Bg3 f5 27.h3 h5 28.Bf2 Rb5 29.Bxd4 Bxd4 30.Rxd4 Rxb2+
31.Ka1 fxg4 32.fxg4 hxg4 33.hxg4 Be6 34.d7 Rxa2+ 35.Kb1 Rb2+ 36.Ka1 Ra2+
37.Kb1 Rb2+ 38.Kc1 Bxd7 39.Rxd7 b5 40.Rd2 Rb4 41.Rh3 Rc4+ 42.Rc2 Rxg4 43.Rxa3 Kf7
44.Ra6 Ke7 45.Rc7+  1-0

[Event "Copenhagen op16"]
[Site "Copenhagen"]
[Date "1994.??.??"]
[Round "1"]
[White "Henrichsen, Jens"]
[Black "Hansen, Sune Berg"]
[Result "0-1"]
[WhiteElo "2150"]
[BlackElo "2415"]

1.d4 Nf6 2.c4 g6 3.Nc3 Bg7 4.e4 d6 5.Be2 O-O 6.Nf3 e5 7.d5 a5 8.Bg5 h6 9.Bh4 Na6
10.Nd2 Qe8 11.O-O Nh7 12.a3 Bd7 13.b3 h5 14.f3 Bh6 15.Rb1 Be3+ 16.Bf2 Bxf2+
17.Rxf2 Qb8 18.f4 exf4 19.Rxf4 Qa7+ 20.Kh1 Qd4 21.Qc2 Nc5 22.Rbf1 Qe5 23.R4f2 Ng5
24.Nf3 Nxf3 25.gxf3 Qd4 26.Bd1 f5 27.Rg2 Kh7 28.Rfg1 Rf6 29.Ne2 Qe3 30.Ng3 Nd3
31.exf5 Bxf5 32.Nxf5 Rxf5 33.Qe2 Re8 34.Qxe3 Rxe3 35.Bc2 Rf6 36.Bxd3 Rxd3
37.Re2 Rf7 38.Re6 Rg7 39.Rge1 Rxb3 40.Re7 Rxf3  0-1

[Event "Copenhagen op16"]
[Site "Copenhagen"]
[Date "1994.??.??"]
[Round "3"]
[White "Fant, Goran"]
[Black "Flaata, Alexander"]
[Result "0-1"]
[WhiteElo "2010"]
[BlackElo "1900"]

1.d4 Nf6 2.c4 g6 3.Nc3 Bg7 4.e4 d6 5.Nf3 O-O 6.Be2 e5 7.d5 a5 8.Bg5 h6 9.Bh4 Na6
10.Nd2 Qe8 11.g4 Nh7 12.Bg3 f5 13.gxf5 gxf5 14.Bh5 Qe7 15.exf5 Bxf5 16.Nde4 Ng5
17.Qe2 Kh8 18.O-O-O Nxe4 19.Nxe4 Bxe4 20.Rhe1 Qg5+ 21.Rd2 Nc5 22.h4 Qf6 23.f4 exf4
24.Rf1 f3 25.Qe3 Nd3+ 26.Kd1 Nxb2+ 27.Kc1 Nxc4 28.Qxe4 Qa1+ 29.Kc2 Qb2+ 30.Kd3 Qxd2+
31.Kxc4 Qc3+ 32.Kb5 Qc5+ 33.Ka4 b5+ 34.Kb3 Qc3+  0-1

[Event "Copenhagen op16"]
[Site "Copenhagen"]
[Date "1994.??.??"]
[Round "3"]
[White "Stojanovski, Sandi"]
[Black "Pioch, Thomas"]
[Result "0-1"]
[WhiteElo "2260"]
[BlackElo "2165"]

1.Nf3 Nf6 2.c4 g6 3.Nc3 Bg7 4.e4 d6 5.d4 O-O 6.Be2 e5 7.d5 a5 8.Bg5 h6 9.Bh4 Na6
10.Nd2 Qe8 11.O-O Nh7 12.a3 Bd7 13.b3 Bf6 14.Bg3 Qe7 15.b4 h5 16.h3 Bg5 17.c5 axb4
18.cxd6 cxd6 19.axb4 Nxb4 20.Rb1 Na2 21.Rb3 Nxc3 22.Rxc3 Ra2 23.Nf3 Ba4 24.Qd3 b5
25.Nxg5 Nxg5 26.Rfc1 b4 27.Rc7 Qf6 28.Qe3 Ra3 29.Qb6 Be8 30.Qxb4 Ra4 31.Qe1 Rxe4
32.f3 Rd4 33.h4 Nh7 34.Qa5 Qd8 35.Bf2 Ra4 36.Qb6 Nf6 37.Qb7 Qa8 38.Qb1 Bd7
39.Qb6 Nxd5 40.Qxd6 Nxc7 41.Rxc7 Be6 42.Qxe5 Qd5 43.Qe3 Qd6 44.Rc1 Qf4 45.Qxf4 Rxf4
46.Kh2 Rc8 47.Rxc8+ Bxc8 48.Kg3 Ra4 49.Be3 Be6 50.Bb5 Rb4 51.Bc6 f6 52.Be8 Bf7
53.Bc6 Kg7 54.Ba8 Be6 55.Be4 Kf7 56.Bc6 Rc4 57.Bb7 Rc2 58.Bf2 Bc4 59.Be4 Ra2
60.Be3 Kg7 61.Bc6 Bf1 62.Bf2 g5  0-1

[Event "Copenhagen op16"]
[Site "Copenhagen"]
[Date "1994.??.??"]
[Round "4"]
[White "Nielsen, Peter Heine"]
[Black "Kaspersen, Morten"]
[Result "1-0"]
[WhiteElo "2475"]
[BlackElo "2220"]

1.e4 g6 2.d4 Bg7 3.c4 d6 4.Nc3 Nf6 5.Nf3 O-O 6.Be2 Na6 7.O-O e5 8.Re1 c6
9.Bf1 Bg4 10.d5 Nb4 11.Be2 a5 12.Bg5 h6 13.Be3 Bd7 14.Nd2 c5 15.g4 Nh7 16.a3 Na6
17.Kg2 Kh8 18.Rg1 f5 19.gxf5 gxf5 20.exf5 Bxf5 21.Bg4 Qh4 22.Kh1 e4 23.Bxf5 Be5
24.f4 Bxc3 25.Bxh7 Bxd2 26.Bxd2 Kxh7 27.Qe2 Rae8 28.Bc3  1-0

[Event "Copenhagen op16"]
[Site "Copenhagen"]
[Date "1994.??.??"]
[Round "6"]
[White "Henrichsen, Jens"]
[Black "Jiretorn, Eva"]
[Result "1/2-1/2"]
[WhiteElo "2150"]
[BlackElo "2230"]

1.d4 Nf6 2.c4 g6 3.Nc3 Bg7 4.e4 d6 5.Be2 O-O 6.Nf3 e5 7.d5 a5 8.Bg5 h6 9.Bh4 Na6
10.Nd2 Qe8 11.O-O Nh7 12.a3 Bd7 13.Kh1 f5 14.exf5 gxf5 15.Bh5 Qc8 16.Be7 Bf6
17.Bxf8 Qxf8 18.f4 e4 19.g4 Nc5 20.gxf5 Bxf5 21.Qe2 Qe7 22.Bg4 Bxg4 23.Qxg4+ Kh8
24.Rae1 e3 25.Qh3 Re8 26.Rf3 Bd4 27.Nf1 Nd3 28.Re2 Rf8 29.Qe6 Qf6 30.Qxf6+ Rxf6
31.Nxe3 Rxf4 32.Rxf4 Nxf4 33.Re1 Ng5 34.Nf5 Bb6 35.Na4 Ba7 36.Re8+ Kh7 37.h4 Ngh3
38.Kh2 Kg6 39.Ng3 Bg1+ 40.Kh1 Bd4 41.Kh2 Bg1+ 42.Kh1 Ba7 43.Kh2 Bg1+  1/2-1/2

[Event "Copenhagen op16"]
[Site "Copenhagen"]
[Date "1994.??.??"]
[Round "8"]
[White "Stojanovski, Sandi"]
[Black "Kaspersen, Morten"]
[Result "0-1"]
[WhiteElo "2260"]
[BlackElo "2220"]

1.Nf3 g6 2.c4 Bg7 3.Nc3 d6 4.d4 Nf6 5.e4 O-O 6.Be2 Na6 7.O-O e5 8.d5 Nc5
9.Qc2 a5 10.Ne1 Qe8 11.Be3 b6 12.b3 Nh5 13.Bxh5 gxh5 14.Nd3 f5 15.Nxc5 bxc5
16.f3 Qg6 17.Kh1 Bh6 18.Qd2 Bxe3 19.Qxe3 f4 20.Qf2 Qf6 21.Na4 Kh8 22.Nb2 h4
23.Nd3 Rg8 24.Rg1 Rg3 25.Qe1 Bd7 26.a3 Rag8 27.Qxa5 Qg6 28.Ne1 Qh6 29.Ra2 h3
30.b4 cxb4 31.axb4 hxg2+ 32.Raxg2 Qxh2+  0-1

[Event "Copenhagen op16"]
[Site "Copenhagen"]
[Date "1994.??.??"]
[Round "10"]
[White "Pilgaard, Kim"]
[Black "Pioch, Thomas"]
[Result "0-1"]
[WhiteElo "2280"]
[BlackElo "2165"]

1.Nf3 Nf6 2.c4 d6 3.d4 g6 4.Nc3 Bg7 5.e4 O-O 6.Be2 e5 7.Bg5 h6 8.Bh4 Nbd7
9.d5 g5 10.Bg3 Nh5 11.h4 g4 12.Nd2 Nxg3 13.fxg3 h5 14.O-O Bh6 15.Kh2 a5 16.Bd3 Nc5
17.Bc2 Bd7 18.Qe2 Kg7 19.Rf2 Bf4 20.Nf1 Qxh4+ 21.Kg1 Bxg3 22.Nxg3 Qxg3 23.Qe1 f6
24.Nd1 Qh4 25.Ne3 g3 26.Rf3 Qh2+ 27.Kf1 Qh1+ 28.Ke2 Qxe1+ 29.Rxe1 h4 30.Rh1 Rh8
31.Nf5+ Bxf5 32.Rxf5 Rag8 33.Ke3 Kf7 34.Bd1 Rg5 35.Rxg5 fxg5 36.Bg4 Kg7 37.b3 Rf8
38.Bf5 Kh6 39.Rd1 g4 40.Rg1 Kg5 41.Rh1 Rh8 42.Rg1 h3 43.gxh3 Rxh3 44.Rg2 Kh4  0-1

[Event "Copenhagen op16"]
[Site "Copenhagen"]
[Date "1994.??.??"]
[Round "10"]
[White "Lyrberg, Patrik"]
[Black "Backlund, Anders"]
[Result "1/2-1/2"]
[WhiteElo "2415"]
[BlackElo "2130"]

1.d4 Nf6 2.c4 g6 3.Nc3 Bg7 4.e4 d6 5.Nf3 O-O 6.Be2 e5 7.d5 a5 8.Bg5 h6 9.Bh4 Na6
10.Nd2 Qe8 11.a3 Bd7 12.b3 h5 13.Rb1 Nh7 14.f3 Nc5 15.Qc2 Bh6 16.Bf2 f5 17.b4 axb4
18.axb4 Na4 19.Nb5 Bxb5 20.cxb5 Bxd2+ 21.Qxd2 fxe4 22.fxe4 Nf6 23.Bd3 Ng4
24.Bh4 Nb6 25.h3 Nf6 26.O-O Nh7 27.Qh6 Nd7 28.b6 Nxb6 29.Rxf8+ Qxf8 30.Qxg6+ Qg7
31.Qxh5 Nd7 32.Rf1 Ndf6 33.Qf5 Rf8 34.Rf3 Kh8 35.Rg3 Qd7 36.Qg6 Qf7 37.Qxf7 Rxf7
38.Rf3 Kg7 39.Bf2 Rf8 40.Bc2 Rf7 41.Be3 Rf8 42.Bd2 Ra8 43.Rg3+ Kf7 44.Rc3 Ne8
45.Kf2 Kg6 46.Bd1 Nhf6 47.Bf3 Ra2 48.Ke2 Nh5 49.Bg4 Nf4+ 50.Kd1 Nxg2 51.Bd7 Kf7
52.Bxe8+ Kxe8 53.Rxc7 Nf4 54.h4 b5 55.Rb7 Ra1+ 56.Kc2 Ra2+ 57.Kc3 Ra3+ 58.Kb2 Rh3
59.Rh7 Rh2 60.Kc3 Rh3+ 61.Kc2 Rh2 62.Rh6 Kd7 63.h5 Nxh5 64.Kd1 Rh1+ 65.Ke2 Ng3+
66.Kf3 Rxh6 67.Bxh6 Nh5 68.Bg5 Ng7 69.Kg4 Ne8 70.Kf5  1/2-1/2

[Event "Corsico op"]
[Site "Corsico"]
[Date "1994.??.??"]
[Round "?"]
[White "Marzano, Carlo"]
[Black "Cazzaniga, Walter"]
[Result "0-1"]
[WhiteElo "2210"]
[BlackElo "2160"]

1.d4 Nf6 2.Nf3 g6 3.c4 Bg7 4.Nc3 O-O 5.e4 d6 6.Be2 e5 7.d5 Nbd7 8.Bg5 h6
9.Bh4 a5 10.Nd2 Nc5 11.O-O Bd7 12.b3 g5 13.Bg3 Nh7 14.a3 f5 15.f3 Qe8 16.b4 axb4
17.axb4 Na4 18.Nxa4 Bxa4 19.Qb1 Bd7 20.Qb3 Qg6 21.c5 Kh8 22.Rxa8 Rxa8 23.Rc1 f4
24.Bf2 g4 25.fxg4 Bxg4 26.Bxg4 Qxg4 27.cxd6 cxd6 28.Qf3 Qd7 29.Qc3 Nf6 30.h3 Qb5
31.Bh4 Qe2 32.Re1 Qh5 33.Bxf6 Bxf6 34.Qf3 Qh4 35.Rc1 Bd8 36.Nc4 Rc8 37.Qe2 b5
38.Qg4 Qxg4 39.hxg4 Rxc4  0-1

[Event "CZE-ch"]
[Site "?"]
[Date "1994.??.??"]
[Round "3"]
[White "Pisk, Petr"]
[Black "Walek, Milan"]
[Result "1/2-1/2"]
[WhiteElo "2260"]
[BlackElo "2315"]

1.c4 Nf6 2.d4 d6 3.Nc3 g6 4.Nf3 Bg7 5.e4 O-O 6.Be2 e5 7.dxe5 dxe5 8.Qxd8 Rxd8
9.Bg5 Re8 10.Nd5 Nxd5 11.cxd5 c6  1/2-1/2

[Event "CZE-ch"]
[Site "?"]
[Date "1994.??.??"]
[Round "4"]
[White "Polak, Tomas"]
[Black "Svatos, Jan"]
[Result "0-1"]
[WhiteElo "2410"]
[BlackElo "2280"]

1.d4 d6 2.Nf3 Nf6 3.c4 g6 4.Nc3 Bg7 5.e4 O-O 6.Be2 e5 7.d5 c5 8.Bg5 h6 9.Bh4 g5
10.Bg3 Nh5 11.h4 g4 12.Nh2 Nxg3 13.fxg3 h5 14.O-O Nd7 15.Rf5 Nf6 16.Rf2 Bh6
17.Nf1 Ne8 18.Bd3 Ng7 19.Qc2 Bd7 20.Re1 Qe7 21.Nd1 a6 22.Nfe3 b5 23.Nf5 Nxf5
24.exf5 f6 25.Nc3 b4 26.Ne4 a5 27.Rff1 a4 28.Qd1 Kh8 29.a3 b3 30.Qe2 Ra7
31.Nf2 Be8 32.Qd1 Qc7 33.Re4 Rg8 34.Be2 Qe7 35.Kh2 Qf8 36.Bxg4 hxg4 37.Rxg4 Rag7
38.Rxg7 Qxg7 39.Qd3 Bh5 40.Re1 Bf4 41.Nh1 Qg4 42.Re4 Qxh4+ 43.Kg1 Qg5 44.Kf2 Rg7  0-1

[Event "CZE-ch"]
[Site "?"]
[Date "1994.??.??"]
[Round "6"]
[White "Pisk, Petr"]
[Black "Michalek, Jan"]
[Result "1-0"]
[WhiteElo "2260"]
[BlackElo "2290"]

1.d4 Nf6 2.c4 g6 3.Nc3 Bg7 4.e4 d6 5.Be2 O-O 6.Nf3 e5 7.d5 a5 8.Bg5 Na6 9.Nd2 Qe8
10.a3 Bd7 11.b3 h5 12.O-O Nh7 13.Be3 h4 14.Rc1 f5 15.exf5 gxf5 16.f4 h3 17.g3 Nf6
18.fxe5 dxe5 19.Bf3 Qg6 20.Kh1 Rae8 21.Rg1 Bh6 22.Nf1 Bg7 23.b4 axb4 24.axb4 Ng4
25.b5 Nxe3 26.Nxe3 Nc5 27.Bh5 Qh6 28.Bxe8 Bxe8 29.Qe2 Nb3 30.Rcf1 Nd4 31.Qe1 Qh7
32.d6 cxd6 33.Qd1 Bg6 34.Ned5 Rf7 35.Qa4 f4 36.Qa8+ Bf8 37.gxf4 Kh8 38.Rg3 Be4+
39.Kg1 Bxd5 40.cxd5 exf4 41.Qe8 Rf5 42.Rg4 f3 43.Kh1  1-0

[Event "CZE-ch"]
[Site "?"]
[Date "1994.??.??"]
[Round "6"]
[White "Stocek, Jiri"]
[Black "Beil, Zdenek"]
[Result "1-0"]
[WhiteElo "2305"]
[BlackElo "2355"]

1.d4 Nf6 2.c4 g6 3.Nc3 Bg7 4.e4 d6 5.Be2 O-O 6.Nf3 e5 7.O-O Na6 8.Re1 Qe8
9.dxe5 dxe5 10.b3 Nd7 11.Ba3 Nac5 12.b4 Ne6 13.b5 Ndc5 14.Ng5 b6 15.Nxe6 Bxe6
16.Nd5 Bxd5 17.cxd5 Nxe4 18.Bxf8 Bxf8 19.Bc4 Nc5 20.a4 Bd6 21.a5 Rd8 22.axb6 axb6
23.Qg4 Qe7 24.h4 Rf8 25.Qg5 f6 26.Qh6 e4 27.Ra7 Qg7 28.Qxg7+ Kxg7 29.Rea1 f5
30.Ra8 Rf7 31.Re8 f4 32.Raa8 Kh6 33.Ba2 Rf5 34.Ra3 Nd3 35.Rc3 Bc5 36.Rxe4 Nxf2
37.Rxc5 Nxe4 38.Rxc7 Re5 39.Rc6 Kh5 40.Rxb6 Nc5 41.Bc4 Re4 42.Bf1 Rd4 43.Rc6 Rxd5
44.b6 Nb7 45.Rc7 Nd8 46.Rxh7+ Kg4 47.Kf2 Rd2+ 48.Be2+ Kf5 49.h5 Rb2 50.h6 Rxb6
51.Rg7 Kf6 52.Rg8 Nf7 53.h7 Rb1 54.Bc4 Rb2+ 55.Kg1 Nh8 56.Rxh8 Kg7 57.Rf8  1-0

[Event "CZE-ch"]
[Site "?"]
[Date "1994.??.??"]
[Round "10"]
[White "Kozak, Milos"]
[Black "Folk, Petr"]
[Result "0-1"]
[WhiteElo "2270"]
[BlackElo "2255"]

1.Nf3 Nf6 2.d4 g6 3.c4 Bg7 4.Nc3 O-O 5.e4 d6 6.Be2 e5 7.d5 a5 8.Bg5 h6 9.Bh4 Qe8
10.Nd2 Na6 11.O-O Bd7 12.a3 a4 13.Kh1 Nc5 14.Qc2 Nh7 15.Nb5 Bxb5 16.cxb5 h5
17.f3 Bh6 18.b4 axb3 19.Nxb3 Be3 20.Bf2 Bxf2 21.Rxf2 b6 22.Nxc5 dxc5 23.Bc4 Nf6
24.a4 Ra5 25.Bb3 Qe7 26.Qc3 Kh7 27.Re1 Raa8 28.Bd1 Nd7 29.g3 h4 30.f4 hxg3
31.hxg3 Kg7 32.Rh2 Rh8 33.Re2 f6 34.Qf3 Qd6 35.Qg4 c4 36.Qf3 Nc5 37.f5 g5
38.Rxh8 Rxh8+ 39.Rh2 Qf8 40.Rxh8 Qxh8+ 41.Kg2 Nb7 42.Qc3 Nd6 43.Qf3 Kf7 44.Be2 Ke7
45.Bxc4 g4 46.Qa3 Kd7 47.Bf1 Nxe4 48.Kg1 Qh6 49.Bg2 Nd6 50.Qc3 Kd8 51.a5 bxa5
52.b6 cxb6 53.Qc6 Qe3+ 54.Kh2 Qc5 55.Qa8+ Qc8  0-1

[Event "CZE-chT"]
[Site "?"]
[Date "1994.??.??"]
[Round "?"]
[White "Netusil, Miroslav"]
[Black "Potomak, Vladimir"]
[Result "1/2-1/2"]
[WhiteElo "2290"]
[BlackElo "2215"]

1.d4 Nf6 2.c4 g6 3.Nc3 Bg7 4.e4 d6 5.Be2 O-O 6.Nf3 Nbd7 7.O-O e5 8.Re1 c6
9.Bf1 a5 10.Rb1 exd4 11.Nxd4 Nc5 12.f3 Re8 13.Be3 Nfd7 14.Qd2 a4 15.b4 axb3
16.axb3 Ne5 17.b4 Ne6 18.Red1 Nxd4 19.Bxd4 Be6 20.f4 Ng4 21.Bxg7 Kxg7 22.h3 Nf6
23.Qf2 Ra3 24.Qb2 Ra8 25.c5 d5 26.exd5 cxd5 27.Nb5 Qe7 28.Nd6 Red8 29.Qe5 Rd7
30.Re1 Qd8 31.Bb5 Rxd6 32.Qxd6 Qxd6 33.cxd6 Rd8 34.Bd3 Rxd6 35.g4 d4 36.Re5 Nd5
37.f5 Bd7 38.fxg6 hxg6 39.Rf1 Be6 40.b5 Nb4 41.Be4 b6 42.Rd1 Kf6 43.Rxe6+  1/2-1/2

[Event "CZE-chT"]
[Site "?"]
[Date "1994.??.??"]
[Round "?"]
[White "Ftacnik, Lubomir"]
[Black "Beil, Zdenek"]
[Result "1-0"]
[WhiteElo "2565"]
[BlackElo "2355"]

1.d4 Nf6 2.Nf3 g6 3.c4 Bg7 4.Nc3 O-O 5.e4 d6 6.Be2 e5 7.O-O Na6 8.Be3 Qe8
9.dxe5 dxe5 10.Nd2 Qe7 11.Nd5 Qd8 12.a3 c6 13.Nb4 Nc7 14.Nd3 Re8 15.Rc1 b6
16.c5 b5 17.a4 a6 18.f3 Nh5 19.Nb3 Ne6 20.Nb4 Bd7 21.g3 bxa4 22.Nd2 Nd4 23.Nc4 a5
24.Nd3 Bh3 25.Re1 Nb3 26.Rc3 Rb8 27.Nb6 Be6 28.Nxa4 Rb5 29.Nb6 Bf8 30.Nxe5 Rxc5
31.Nbc4 a4 32.Qxd8 Rxd8 33.Bxc5 Bxc5+ 34.Kg2 Bb4 35.Rxb3 Bxe1 36.Rb6 c5 37.Kf1 Bxc4
38.Bxc4 Bb4 39.Bxf7+ Kg7 40.Bd5 Re8 41.Rb7+ Kf8 42.Nd7+ Ke7 43.Nxc5+  1-0

[Event "CZE-chT"]
[Site "?"]
[Date "1994.??.??"]
[Round "?"]
[White "Frolik, Martin"]
[Black "Karlik, Vladimir"]
[Result "1-0"]
[WhiteElo "2275"]
[BlackElo "2260"]

1.d4 g6 2.Nf3 Bg7 3.c4 d6 4.Nc3 Nf6 5.e4 O-O 6.Be2 e5 7.O-O Na6 8.d5 c5 9.a3 Ne8
10.Ne1 f5 11.Nd3 Nf6 12.f3 f4 13.b4 b6 14.Bb2 h5 15.Nb5 Ne8 16.Rc1 Qe7 17.Rc2 Nac7
18.Nxc7 Qxc7 19.Qa1 Qe7 20.Rf2 Bf6 21.Bf1 g5 22.g3 Kh7 23.Kh1 Bd7 24.bxc5 bxc5
25.Bc3 Bg7 26.gxf4 gxf4 27.Rb2 Bc8 28.Rg2 Bf6 29.Qb1 Ng7 30.Nf2 Kh6 31.Rg1 Bh4
32.Qc2 Bd7 33.Nh3 Rab8 34.Qg2 Qf6 35.Rxb8 Rxb8 36.Nxf4 Rb3 37.Ne2 Rxa3 38.h3 Qg5
39.Bd2  1-0

[Event "CZE-chT"]
[Site "?"]
[Date "1994.??.??"]
[Round "?"]
[White "Slezka, Vojtech"]
[Black "Tatarko, Jan"]
[Result "0-1"]
[WhiteElo "2380"]
[BlackElo "2145"]

1.d4 Nf6 2.c4 g6 3.Nc3 Bg7 4.e4 O-O 5.Nf3 d6 6.Be2 e5 7.Be3 c6 8.d5 cxd5
9.cxd5 a6 10.Nd2 Ne8 11.O-O f5 12.f3 f4 13.Bf2 g5 14.Nc4 Nd7 15.a4 Rf6 16.a5 h5
17.Na4 Rg6 18.Rc1 g4 19.Ncb6 Nxb6 20.Nxb6 g3 21.Nxa8 Qh4 22.hxg3 fxg3 23.Bxg3 Qxg3
24.Rf2 Bh3 25.Kf1 Bh6 26.Rc3 Qh2 27.Ke1 Rxg2 28.Rxg2+ Qxg2 29.Qd3 Qg1+ 30.Bf1 Bf4  0-1

[Event "CZE-chT"]
[Site "?"]
[Date "1994.??.??"]
[Round "?"]
[White "Tichy, Vladimir"]
[Black "Tobyas, Miroslav"]
[Result "1/2-1/2"]
[WhiteElo "2390"]
[BlackElo "2305"]

1.d4 Nf6 2.c4 g6 3.Nc3 Bg7 4.e4 d6 5.Nf3 O-O 6.Be2 e5 7.d5 Na6 8.O-O Nc5
9.Qc2 a5 10.Ne1 Bd7 11.Bg5 h6 12.Bh4 g5 13.Bg3 Nfxe4 14.Nxe4 Nxe4 15.Qxe4 f5
16.Qc2 f4 17.Bd3 fxg3 18.hxg3 Qf6 19.Be4 b6 20.Nd3 h5 21.f3 Qh6 22.Qd2 g4
23.Qxh6 Bxh6 24.Kf2 Bf5 25.Ke2 Bxe4 26.fxe4 Rxf1 27.Rxf1 Kg7 28.b3 Kg6 29.Nb2 Bg5
30.Na4 Rh8 31.Nc3 Bd8 32.Nb5 Kg7 33.Rh1 Kg6 34.a3 Rf8 35.b4 axb4 36.axb4 Rf7
37.Ra1 h4 38.gxh4 Bxh4 39.Rf1 Rxf1 40.Kxf1 Bd8 41.Kf2 Kg5 42.Nc3 Kf4 43.g3+ Kg5
44.Nd1 Kh5 45.Ne3 Bg5 46.Ke2 Bxe3 47.Kxe3 Kg6 48.Kd3 Kf7 49.Kc3 Ke8 50.Kb3 Kd7
51.Ka4 c6  1/2-1/2